00789nam a22001937a 45000010005000000030006000050050017000110080041000280200018000690400029000870820011001161000015001272450071001422500028002132600054002413000057002955200216003526500027005685583FISKH20241219092522.0241219b cb ||||| |||| 00| 0 eng d a9780753720929 aFISKHbengcFISKHdFISKH a032.02 aUkazan, Ne aTell me how? : banswers to hundreds of questions! /cby Ne Ukazan aFirst published in 2001 aLondon : bOctopus Publishing Group Ltd ;c2001.  a207 pages : bcolor illustrations , maps ;c24 cm .  aTell Me How provides fascinating answers to stunning questions which can provide teasing quiz questions, settle arguments and assist with school projects. It is an intriguing reference book for the whole family. alandform vNon-fiction